| 000 | 00443nam a22001697a 4500 | ||
|---|---|---|---|
| 003 | NUST - PNEC | ||
| 005 | 20170116180839.0 | ||
| 008 | 150818b xxu||||| |||| 00| 0 eng d | ||
| 020 | _a0534378420 | ||
| 040 | _cLIBRARY | ||
| 082 | _a510 TAN | ||
| 100 |
_95254 _aTan, S.T. |
||
| 245 |
_aCollege mathematics for the managerial, life, and social sciences _cS.T. Tan |
||
| 250 | _a5th ed | ||
| 650 |
_95255 _aMathematics _xME |
||
| 942 |
_2ddc _cBK |
||
| 999 |
_c64349 _d64349 |
||